• 首页
  • 本馆介绍
  • 公告通知
  • 最新文献
  • 馆藏检索
  • 电子资源
  • 读者导购
  • 参考咨询
  • 我的图书馆
  • 登录
  • 详细信息显示
  • 放入我的书架
  • 预约/预借图书
  • 作者相关作品
  • 分类相关作品
  • 丛书相关作品
  • 出版社相关作品

书目信息

  • 表格格式
  • 工作单格式
  • 卡片格式
题名:
自然辩证法导言解说和注释
    
 
作者: 查汝强
分册:  
出版信息: 北京   人民出版社  1979
页数: 191
开本: 19cm
丛书名:
单 册:
中图分类: B0
科图分类:
主题词: 哲学理论
电子资源:
ISBN:
000 00484nam0 2200169 450
001 0734081268
005 20071007092801.28
100    @a20071007d km y0chiy0120 ea
101 0  @achi
200 1  @a自然辩证法导言解说和注释@Azi ran bian zheng fa dao yan jie shuo he zhu shi@f查汝强@Fcha ru qiang
210    @a北京@c人民出版社@d1979
215    @a191@d19cm
606 0  @a哲学理论
690    @aB0@v3
701  0 @a查汝强@Acha ru qiang
801  0 @aCN@bPFT@c20071007
905    @a213230@dB0@ea426@f1
    
    自然辩证法导言解说和注释/查汝强.-北京:人民出版社,1979
    191;19cm
    
    
    ISBN :
    
●
相关链接 在E读中查询图书 在五车中查询图书 在当当中查询图书 在豆瓣中查询图书


正题名:自然辩证法导言解说和注释     索取号:B0/a426         预约/预借

序号 登录号 条形码 馆藏地/架位号 状态 备注
1 7509791   275097912   史法系资料室/ [索取号:B0/a426] 在馆    
唐山师范学院图书馆 欢迎您!
大连网信软件有限公司© 版权所有